000
00278nam a2200121Ia 4500
008
190216s9999||||xx |||||||||||||| ||und||
100
_a
Ponkunnam Varkey
245
0
_a
Altara
260
_b
Indian Press Pvt
_c
1978
300
_a
130p
650
_a
Malayalam Nadakam
942
_c
BK
999
_c
23957
_d
23957